| 000 | 003980000a22001690004500 | ||
|---|---|---|---|
| 041 | 0 | _aENG | |
| 082 | 0 | 4 | _aG 361.61 O79m |
| 100 | 1 | _aOrwell, George | |
| 245 | 1 | 0 | _a1984 : A novel / George Orwell |
| 260 | _a[S.L] : Signet | ||
| 300 | _a267 Pag | ||
| 001 | 10601 | ||
| 942 | _cBK | ||
| 999 |
_c40110 _d40110 |
||
| 336 |
_atexto _btxt _2rdacontent |
||
| 337 |
_2rdamedia _asin mediación _bn |
||
| 338 |
_2rdacarrier _avolumen _bnc |
||